|
|
|
|
| LEADER |
01399nam a2200313 4500 |
| 001 |
41277 |
| 003 |
BD-DhAAL |
| 005 |
20230606143818.0 |
| 008 |
690411s1969 ilua b 000 0 eng |
| 010 |
|
|
|a 68030847
|
| 040 |
|
|
|a DLC
|c DLC
|d DLC
|d BD-DhAAL
|
| 050 |
0 |
0 |
|a HB99.3
|b .R4
|
| 082 |
0 |
0 |
|a 330.1
|
| 245 |
0 |
0 |
|a Readings in welfare economics :
|b selected by a committee of the American Economic Association /
|c Selection committee for this volume: Kenneth J. Arrow and Tibor Scitovsky.
|
| 260 |
|
|
|a Homewood, Ill.,
|b Published for the Association by R. D. Irwin,
|c 1969.
|
| 300 |
|
|
|a vi, 734 pages :
|b illustrations ;
|c 24 cm.
|
| 490 |
0 |
|
|a The Series of republished articles on economics ;
|v v. 12
|
| 504 |
|
|
|a Includes bibliographical references.
|
| 541 |
|
|
|a Donated By Akbar Ali Khan
|e 41277
|
| 650 |
|
0 |
|a Welfare economics.
|
| 650 |
|
0 |
|a Economics.
|
| 700 |
1 |
|
|a Arrow, Kenneth J.
|q (Kenneth Joseph),
|d 1921-2017,
|e compiler
|9 54476
|
| 700 |
1 |
|
|a Scitovsky, Tibor,
|e compiler
|9 54477
|
| 710 |
2 |
|
|a American Economic Association.
|9 54478
|
| 830 |
|
|
|a The Series of republished articles on economics ;
|v v. 12
|9 54479
|
| 852 |
|
|
|a Ayesha Abed Library
|c Akbar Ali Khan Collection
|
| 942 |
|
|
|2 ddc
|c BK
|
| 999 |
|
|
|c 45850
|d 45850
|
| 952 |
|
|
|0 0
|1 0
|2 ddc
|4 0
|6 330_100000000000000_REA
|7 1
|9 73743
|a BRACUL
|b BRACUL
|c AAKC
|d 2023-06-06
|e Donated By Akbar Ali Khan
|l 0
|o 330.1 REA
|p 3010041277
|r 2023-06-06
|t 1
|w 2023-06-06
|y BK
|